000 00696nam a22002177a 4500
003 UA-OsUOA
001 102393
007 ta
008 20130909b un ||||| |||| 00| 0 ukr d
100 _aЧистякова О.В.
090 _a101
_bЧ-68
942 _cSA
040 _aUA-OsUOA
_brus
_cUA-OsUOA
_dUA-OsUOA
245 _aФилософия туризма: социокультурные традиции и современные реалии
300 _aС.28-32
955 _a0
041 _arus
080 _a101
773 0 _w102391
_tВестник Российского философского общества
_dМ.
_d2013
_g2
650 7 _a1 Філософські науки
_2UDC
999 _c388622
_d388622